[Event "AUTO-ELITE-1504"]
[Site "http://www.queenalice.com/game.php?id=1362271"]
[Date "2015.5.29"]
[Round "1"]
[White "jrafaelcc"]
[Black "mole"]
[Result "0-1"]
[WhiteElo "2210"]
[BlackElo "2334"]

1. e4 g6 2. d4 Bg7 3. Nc3 d6 4. Be3 a6 5. Qd2 b5 6. f3 Nd7 7. Nh3 Bb7 8. Be2 c5
9. O-O cxd4 10. Bxd4 Ngf6 11. Nd5 Bxd5 12. exd5 O-O 13. c4 bxc4 14. Bxc4 Ne5 15.
Bb3 a5 16. a4 Rb8 17. Ra3 Rb4 18. Rc1 Ne4 19. fxe4 Rxd4 20. Qe2 Qb6 21. Nf2 Nd3
22. Rf1 Nxf2 23. Qxf2 f5 24. e5 Bxe5 25. Ba2 Qb4 26. g3 Rd2 0-1

[Event "AUTO-ELITE-1519"]
[Site "http://www.queenalice.com/game.php?id=1369429"]
[Date "2015.7.3"]
[Round "1"]
[White "mole"]
[Black "Donidon"]
[Result "0-1"]
[WhiteElo "2196"]
[BlackElo "2445"]

1. Nf3 Nf6 2. g3 g6 3. Bg2 Bg7 4. O-O d5 5. d3 O-O 6. Nbd2 c5 7. c4 Nc6 8. a3
Bg4 9. Rb1 d4 10. b4 Re8 11. bxc5 Nd7 12. Rxb7 Na5 13. Rb5 a6 14. Rxa5 Qxa5 15.
Nb3 Qc7 16. Nfxd4 Nxc5 17. Nxc5 Qxc5 18. Bxa8 Rxa8 19. Nc2 Bh3 20. Re1 a5 21. e4
Rb8 22. Be3 Qc6 23. Bd4 Bh6 24. Be5 Rd8 25. Qe2 Qd7 26. Rd1 Bg4 27. f3 Be6 28.
Bd4 Bxc4 29. Bb6 Ba6 30. Bxd8 Qxd8 0-1

[Event "AUTO-ELITE-1519"]
[Site "http://www.queenalice.com/game.php?id=1369430"]
[Date "2015.7.3"]
[Round "1"]
[White "Donidon"]
[Black "mole"]
[Result "1-0"]
[WhiteElo "2491"]
[BlackElo "2297"]

1. e4 g6 2. d4 Bg7 3. f4 d6 4. Nf3 a6 5. Bc4 b5 6. Bb3 Bb7 7. Qe2 c5 8. c3 Nd7
9. O-O Nh6 10. Rd1 O-O 11. e5 cxd4 12. cxd4 Nb6 13. Nc3 Rc8 14. a4 bxa4 15. Bc2
Qc7 16. Bd3 Nf5 17. Bxa6 Bxa6 18. Qxa6 Qc6 19. Qd3 h5 20. h3 Qc4 21. Qe4 h4 22.
Qe1 Ra8 23. Ra3 Qb4 24. e6 Nxd4 25. Nxd4 Bxd4+ 26. Kh1 f5 27. Rxd4 Qxd4 28. Qxh4
Nc4 29. Ra2 1-0

[Event "AUTO-ELITE-1519"]
[Site "http://www.queenalice.com/game.php?id=1369431"]
[Date "2015.7.3"]
[Round "1"]
[White "mole"]
[Black "shogun"]
[Result "0-1"]
[WhiteElo "2328"]
[BlackElo "2523"]

1. Nf3 c5 2. g3 d5 3. Bg2 d4 4. d3 Nc6 5. e4 e5 6. Nbd2 Nf6 7. O-O Bd6 8. Nc4
Bc7 9. a4 O-O 10. Bd2 Be6 11. b3 Re8 12. Ng5 Bxc4 13. bxc4 Ba5 14. f3 Bxd2 15.
Qxd2 h6 16. Nh3 Qe7 17. Nf2 Nb4 18. f4 Rac8 19. Bf3 Rc6 20. fxe5 Nd7 21. Nh3
Nxe5 22. Nf4 Qg5 23. Qd1 Rf6 24. Bh5 g6 25. Be2 h5 26. Qc1 Rd8 27. Kg2 Ra6 28.
Nd5 Qxc1 29. Rfxc1 Kg7 30. Nxb4 cxb4 31. Rcb1 Nc6 32. h4 Ra5 33. g4 hxg4 34.
Bxg4 Kf6 35. Kg3 Ke7 36. Be2 Rg8 37. Rf1 Re5 38. Rf2 Nd8 39. Raf1 Ra5 40. Ra1
Ne6 41. Rff1 Re5 42. a5 Nc5 43. Bd1 b3 44. cxb3 Nxd3 45. Bf3 Nb4 46. Ra4 Nc6 47.
b4 g5 48. b5 Nd8 0-1

[Event "AUTO-ELITE-1519"]
[Site "http://www.queenalice.com/game.php?id=1369432"]
[Date "2015.7.3"]
[Round "1"]
[White "shogun"]
[Black "mole"]
[Result "1-0"]
[WhiteElo "2527"]
[BlackElo "2322"]

1. e4 g6 2. d4 Bg7 3. Nf3 d6 4. Nc3 a6 5. Be3 b5 6. Bd3 Bb7 7. O-O Nd7 8. Qe1 c5
9. a4 b4 10. Nd5 e6 11. Bg5 Ngf6 12. dxc5 dxc5 13. Nxf6+ Bxf6 14. Qe3 Bxg5 15.
Nxg5 Qc7 16. Rad1 O-O 17. Qh3 Nf6 18. Qh6 c4 19. Rde1 e5 20. Re3 Rfc8 21. Be2
Qe7 22. Rh3 Qf8 23. Qxf8+ Kxf8 24. f4 Nxe4 25. Nxh7+ Kg7 26. fxe5 c3 27. b3 Rc5
28. Bc4 Rxc4 29. bxc4 Bc8 30. Rh4 Bf5 31. Nf6 Nxf6 32. exf6+ Kxf6 33. Rd4 Kg7
34. Rc1 a5 35. Kf2 Rc8 36. Ke3 Re8+ 37. Kf3 Be6 38. Re4 Ra8 39. Ke3 Bd7 40. Rd4
Re8+ 41. Re4 Ra8 42. Kd4 Bxa4 43. Re5 Bd7 44. Kc5 Rb8 45. Kd6 Be6 46. Rb5 1-0

[Event "AUTO-ELITE-1520"]
[Site "http://www.queenalice.com/game.php?id=1370272"]
[Date "2015.7.7"]
[Round "1"]
[White "Donidon"]
[Black "mole"]
[Result "1-0"]
[WhiteElo "2495"]
[BlackElo "2291"]

1. e4 g6 2. d4 Bg7 3. Nf3 d6 4. Bc4 Nf6 5. Nc3 O-O 6. O-O a6 7. Qe2 Nfd7 8. Rd1
Nc6 9. Bg5 Nb6 10. Bb3 Bg4 11. e5 dxe5 12. dxe5 Qc8 13. h3 Bxf3 14. Qxf3 Nxe5
15. Qg3 c5 16. Bxe7 Re8 17. Bg5 c4 18. Ba4 Nxa4 19. Nxa4 Qe6 20. Qh4 b5 21. Nc5
Qc6 22. Be3 f5 23. a4 Nf7 24. axb5 Qxb5 25. Na4 Re4 26. Qg3 Be5 27. Qf3 Bxb2 28.
Nxb2 1-0

[Event "AUTO-ELITE-1520"]
[Site "http://www.queenalice.com/game.php?id=1370273"]
[Date "2015.7.7"]
[Round "1"]
[White "mole"]
[Black "Donidon"]
[Result "1-0"]
[WhiteElo "2332"]
[BlackElo "2435"]

1. Nf3 Nf6 2. g3 d5 3. Bg2 Nc6 4. d3 e5 5. O-O Bc5 6. Nbd2 e4 7. dxe4 dxe4 8.
Ng5 O-O 9. Ndxe4 Nxe4 10. Nxe4 Be7 11. c3 Be6 12. Qc2 h6 13. Be3 Qc8 14. Rad1
Ne5 15. Bd4 Ng6 16. c4 c5 17. Bc3 Rb8 18. Nd6 Bxd6 19. Rxd6 Bf5 20. Qd2 Re8 21.
Rd1 Bh3 22. Bxh3 Qxh3 23. Qd5 Rxe2 24. Rxg6 1-0

[Event "AUTO-ELITE-1520"]
[Site "http://www.queenalice.com/game.php?id=1370280"]
[Date "2015.7.7"]
[Round "1"]
[White "mole"]
[Black "AsterixTwin"]
[Result "0-1"]
[WhiteElo "2342"]
[BlackElo "2396"]

1. Nf3 Nf6 2. g3 d5 3. Bg2 g6 4. O-O Bg7 5. d3 O-O 6. c4 c5 7. Nc3 Nc6 8. cxd5
Nxd5 9. Nxd5 Qxd5 10. Nd4 Qxd4 0-1

[Event "AUTO-ELITE-1520"]
[Site "http://www.queenalice.com/game.php?id=1370281"]
[Date "2015.7.7"]
[Round "1"]
[White "AsterixTwin"]
[Black "mole"]
[Result "1-0"]
[WhiteElo "2416"]
[BlackElo "2285"]

1. e4 g6 2. d4 Bg7 3. Nf3 d6 4. Be2 a6 5. O-O Nd7 6. Nc3 c5 7. a4 cxd4 8. Nxd4
Ngf6 9. Be3 O-O 10. a5 Nc5 11. Bf3 Rb8 12. b4 Ncd7 13. Nd5 Nxd5 14. exd5 Qc7 15.
Be2 Qc3 16. Rb1 Nf6 17. Rb3 Qc7 18. c4 Bd7 19. Rb1 1-0

[Event "AUTO-ELITE-1529"]
[Site "http://www.queenalice.com/game.php?id=1373203"]
[Date "2015.7.24"]
[Round "1"]
[White "ichtus"]
[Black "mole"]
[Result "1-0"]
[WhiteElo "2356"]
[BlackElo "2277"]

1. d4 Nf6 2. Nf3 g6 3. Bg5 Bg7 4. Nbd2 O-O 5. e3 d6 6. Bc4 Nbd7 7. O-O h6 8.
Bxf6 Nxf6 9. h3 c5 10. c3 b6 11. Qc2 Bb7 12. dxc5 bxc5 13. Nh4 d5 14. Bd3 e5 15.
Be2 e4 16. g3 Qc8 17. Kh2 Qd7 18. Ng2 1-0

[Event "AUTO-ELITE-1529"]
[Site "http://www.queenalice.com/game.php?id=1373204"]
[Date "2015.7.24"]
[Round "1"]
[White "mole"]
[Black "ichtus"]
[Result "0-1"]
[WhiteElo "2267"]
[BlackElo "2366"]

1. Nf3 Nf6 2. g3 g6 3. Bg2 Bg7 4. O-O O-O 5. d3 d5 6. a3 Bg4 7. Nbd2 Nbd7 8. h3
Bxf3 9. Nxf3 c5 10. c4 e6 11. Qc2 Qb6 12. e4 Qc7 13. exd5 exd5 14. Re1 Rfe8 15.
Bf4 Qb6 16. Kh2 Nh5 0-1

[Event "AUTO-ELITE-1529"]
[Site "http://www.queenalice.com/game.php?id=1373209"]
[Date "2015.7.24"]
[Round "1"]
[White "mole"]
[Black "Donidon"]
[Result "0-1"]
[WhiteElo "2201"]
[BlackElo "2442"]

1. Nf3 Nf6 2. a3 d5 3. d4 g6 4. c4 c6 5. Nc3 Bg7 6. e3 O-O 7. Be2 Nbd7 8. O-O
dxc4 9. Bxc4 Nb6 10. Bb3 a5 11. e4 Bg4 12. Be3 a4 13. Ba2 Ne8 14. Rc1 Ra5 15.
Re1 Bxf3 16. Qxf3 Bxd4 17. Red1 e5 18. Bd2 Rc5 19. Bh6 Ng7 0-1

[Event "AUTO-ELITE-1529"]
[Site "http://www.queenalice.com/game.php?id=1373210"]
[Date "2015.7.24"]
[Round "1"]
[White "Donidon"]
[Black "mole"]
[Result "1-0"]
[WhiteElo "2487"]
[BlackElo "2304"]

1. e4 g6 2. d4 d6 3. f4 a6 4. Nf3 b5 5. Be3 Bg7 6. c3 Bb7 7. Bd3 Nd7 8. O-O Ngf6
9. Nbd2 Ng4 10. Bf2 c5 11. h3 Nxf2 12. Rxf2 Bh6 13. g3 e5 14. a4 exf4 15. gxf4
c4 16. Bf1 Bxf4 17. b3 1-0

[Event "AUTO-ELITE-1532"]
[Site "http://www.queenalice.com/game.php?id=1375375"]
[Date "2015.8.4"]
[Round "1"]
[White "mole"]
[Black "FabioDavid"]
[Result "0-1"]
[WhiteElo "2203"]
[BlackElo "2529"]

1. Nf3 f5 2. d4 Nf6 3. g3 g6 4. Bg2 Bg7 5. O-O O-O 6. c4 d6 7. Nc3 Nc6 8. d5 Na5
9. Qa4 c5 10. dxc6 Nxc6 11. Rd1 Qb6 12. Nd5 Nxd5 13. cxd5 Qb4 14. Qxb4 Nxb4 15.
Bg5 Re8 0-1

[Event "AUTO-ELITE-1532"]
[Site "http://www.queenalice.com/game.php?id=1375376"]
[Date "2015.8.4"]
[Round "1"]
[White "FabioDavid"]
[Black "mole"]
[Result "1-0"]
[WhiteElo "2499"]
[BlackElo "2335"]

1. b3 e5 2. Bb2 Nc6 3. c4 Nf6 4. e3 d5 5. cxd5 Nxd5 6. a3 Bd6 7. Qc2 O-O 8. Nf3
Bg4 9. Nc3 Nxc3 10. Bxc3 a5 11. Bd3 g6 12. h3 Bxf3 13. gxf3 Qh4 14. Ke2 1-0

[Event "AUTO-ELITE-1532"]
[Site "http://www.queenalice.com/game.php?id=1375377"]
[Date "2015.8.4"]
[Round "1"]
[White "mole"]
[Black "BEBADO"]
[Result "0-1"]
[WhiteElo "2191"]
[BlackElo "2371"]

1. Nf3 Nf6 2. g3 g6 3. Bg2 Bg7 4. O-O O-O 5. d3 c5 6. c4 Nc6 7. Nc3 d5 8. cxd5
Nxd5 9. Nxd5 Qxd5 10. Be3 Qd6 11. Rc1 b6 12. d4 cxd4 13. Nxd4 Nxd4 14. Bxa8 Ba6
15. Bxd4 Bxd4 16. Bf3 Bxb2 0-1

[Event "AUTO-ELITE-1532"]
[Site "http://www.queenalice.com/game.php?id=1375378"]
[Date "2015.8.4"]
[Round "1"]
[White "BEBADO"]
[Black "mole"]
[Result "1-0"]
[WhiteElo "2355"]
[BlackElo "2347"]

1. e4 g6 2. d4 Bg7 3. Nc3 d6 4. Nf3 a6 5. a4 b6 6. Bc4 e6 7. Bg5 Ne7 8. Qd2 h6
9. Be3 Bb7 10. O-O Nd7 11. Rfe1 g5 12. h3 O-O 13. Nh2 Ng6 14. Rad1 c6 15. Bb3
1-0

[Event "AUTO-OPEN-3525"]
[Site "http://www.queenalice.com/game.php?id=1376891"]
[Date "2015.8.11"]
[Round "1"]
[White "valdenicio"]
[Black "mole"]
[Result "1-0"]
[WhiteElo "2348"]
[BlackElo "2258"]

1. d4 g6 2. c4 Nf6 3. Nf3 Bg7 4. g3 O-O 5. Bg2 c6 6. Nc3 d5 7. cxd5 cxd5 8. Ne5
Nc6 9. Nxc6 bxc6 10. O-O Re8 11. Bf4 Nh5 12. Bg5 1-0

[Event "AUTO-OPEN-3525"]
[Site "http://www.queenalice.com/game.php?id=1376892"]
[Date "2015.8.11"]
[Round "1"]
[White "mole"]
[Black "valdenicio"]
[Result "0-1"]
[WhiteElo "2316"]
[BlackElo "2323"]

1. Nf3 Nf6 2. g3 g6 3. Bg2 Bg7 4. O-O O-O 5. d3 d6 6. a3 e5 7. c4 Nc6 8. Nc3 h6
9. b4 Nd7 10. Bd2 f5 11. Rb1 f4 12. Nh4 g5 13. Bd5+ Kh7 0-1